LEADER 01416nam0-2200373-i-450- 001 990007912110403321 005 20140225104503.0 010 $a88-8086-114-X 035 $a000791211 035 $aFED01000791211 035 $a(Aleph)000791211FED01 035 $a000791211 100 $a20040902d1995----km-y0itay50------ba 101 0 $aita 102 $aIT 105 $ay-------001yy 200 1 $aGiulio Cesare Vanini nella cultura filosofica tedesca del Sette e Ottocento$eda Brucker a Schopenhauer$fDomenico M. Fazio 210 $aGalatina$cCongedo$d1995 215 $a174 p.$d25 cm 225 1 $aTesti e saggi$funiversità degli studi di Lecce. Facoltà di lettere e filosofia. Dipartimento di filologia classica e medioevale (ex istituto di filosofia)$v14 300 $aIn appendice: Censimento degli esemplari dell'Amphitheatrum e del De admirandis di Giulio Cesare Vanini nelle biblioteche tedesche 320 $aContiene bibl. (pp. 165-166) 610 0 $aVanini, Giulio Cesare$aFortuna$aGermania$aSec. 18.-19. 676 $a195$v22$zita 700 1$aFazio,$bDomenico M.$023694 801 0$aIT$bUNINA$gRICA$2UNIMARC 901 $aBK 912 $a990007912110403321 952 $aDIC VAN 3$fBFS 952 $aP.1 SF 372$bBibl. 43936$fFLFBC 959 $aFLFBC 959 $aBFS 996 $aGiulio Cesare Vanini nella cultura filosofica tedesca del Sette e Ottocento$9223197 997 $aUNINA LEADER 01487oam 2200457zu 450 001 9911019669103321 005 20251116163528.0 010 $a0-470-77869-5 010 $a0-470-77177-1 010 $a0-470-77207-7 035 $a(CKB)2500000000001606 035 $a(SSID)ssj0000398369 035 $a(PQKBManifestationID)11292866 035 $a(PQKBTitleCode)TC0000398369 035 $a(PQKBWorkID)10361586 035 $a(PQKB)10100535 035 $a(EXLCZ)992500000000001606 100 $a20160829d1987 uy 101 0 $aeng 181 $ctxt 182 $cc 183 $acr 200 14$aThe Chemistry of the Metal Carbon Bond: Vol. 4: The Use of Organometallic Compounds in Organic Synthesis. Vol. 4 210 31$a[Place of publication not identified]$cJohn Wiley & Sons Incorporated$d1987 300 $aBibliographic Level Mode of Issuance: Monograph 311 08$a0-471-90888-6 606 $aOrganic Chemistry$2HILCC 606 $aChemistry$2HILCC 606 $aPhysical Sciences & Mathematics$2HILCC 615 7$aOrganic Chemistry 615 7$aChemistry 615 7$aPhysical Sciences & Mathematics 676 $a547/.05 s 676 $a547/.050459 700 $aHartley$b F. R.$01838046 701 $aHartley$b F. R$01838046 801 0$bPQKB 906 $aBOOK 912 $a9911019669103321 996 $aThe Chemistry of the Metal Carbon Bond: Vol. 4: The Use of Organometallic Compounds in Organic Synthesis. Vol. 4$94554392 997 $aUNINA